Generációk együttműködése a vendéglátásban Magyarországon – A Z generáció beilleszkedése

Bibliográfiai részletek
Szerző: Csernussi Lili
További közreműködők: Adorján Krisztián
Dokumentumtípus: Diplomadolgozat
Kulcsszavak:együttműködés
generációs fejlődés
Magyarország
vendéglátás
Z generáció
Online Access:http://dolgozattar.uni-bge.hu/60174

MARC

LEADER 00000nta a2200000 i 4500
001 dolg60174
005 20260409150104.0
008 260409suuuu hu om 000 hun d
040 |a BGE Dolgozattár Repozitórium  |b hun 
041 |a hu 
100 1 |a Csernussi Lili 
245 1 0 |a Generációk együttműködése a vendéglátásban Magyarországon – A Z generáció beilleszkedése  |c Csernussi Lili  |h [elektronikus dokumentum] 
520 3 |a A vendéglátóiparban különösen fontos szerepet játszik a generációk közötti együttműködés, mivel a különböző korosztályok eltérő munkahelyi attitűdjei, motivációi és kommunikációs stílusai nagy hatással vannak a vállalatok hatékonyságára és a munkakörnyezet dinamikájára. A szakdolgozat középpontjában a Z generáció munkahelyi integrációja áll, amely új kihívásokat és lehetőségeket hoz a vendéglátás világába Magyarországon. A kutatás célja, hogy feltárja, hogyan befolyásolják a generációs különbségek a munkahelyi együttműködést és az ügyfélélményt, valamint milyen stratégiákkal támogatható a különböző generációk közös munkája. A kutatás kvalitatív és kvantitatív módszereket ötvöz, biztosítva a széles körű betekintést szakértői és dolgozói nézőpontokra. A szakdolgozat gyakorlati javaslatokat is fogalmaz meg a generációs sokszínűség erősítésére és a Z generáció eredményesebb beilleszkedésére a vendéglátóipari munkahelyeken Magyarországon. 
695 |a együttműködés 
695 |a generációs fejlődés 
695 |a Magyarország 
695 |a vendéglátás 
695 |a Z generáció 
700 1 |a Adorján Krisztián  |e ths 
856 4 0 |u http://dolgozattar.uni-bge.hu/60174/1/Gener%C3%A1ci%C3%B3k%20egy%C3%BCttm%C5%B1k%C3%B6d%C3%A9se%20a%20vend%C3%A9gl%C3%A1t%C3%A1sban%20Magyarorsz%C3%A1gon%20-%20A%20Z%20gener%C3%A1ci%C3%B3%20beilleszked%C3%A9se_%20Csernussi%20Lili.pdf  |z Dokumentum-elérés 
856 4 0 |u http://dolgozattar.uni-bge.hu/60174/2/Csernussi%20Lili%20%C3%A9rt%C3%A9kel%C3%A9s.pdf  |z Dokumentum-elérés 
856 4 0 |u http://dolgozattar.uni-bge.hu/60174/3/Szakdolgozat%20b%C3%ADr%C3%A1lati%20lap%20magyar%202025%20Csernussi%20Lili.pdf  |z Dokumentum-elérés